Vapor-Liquid Equilibrium Data Collection Aliphatic Hydrocarbons C4-C30. Tables and diagrams of data for binary and multicomponent mixtures up to moderate pressures. Constants of correlation equations for computer use 6d (in conjuction with Part 6e)
Salvato in:
| Autore principale: | |
|---|---|
| Altri autori: | |
| Natura: | Libro |
| Lingua: | inglese |
| Pubblicazione: |
Frankfurt am Main
DECHEMA
1999
|
| Serie: | Chemistry Data Series, Vol.I, Part 6d (in conjuction with Part 6e)
|
| Soggetti: | |
| Accesso online: | Visualizza in OPAC |
| Tags: |
Nessun Tag, puoi essere il primo ad aggiungerne!!
|
MARC
| LEADER | 00000nam a2200000 a 4500 | ||
|---|---|---|---|
| 005 | 20260127134313.0 | ||
| 008 | 090714 1999 gw 000 0 eng d | ||
| 020 | |a 3897460076 | ||
| 035 | |a vtls009627648 | ||
| 039 | 9 | |y 200907141039 |z mschk03 | |
| 040 | |a STUSCHK1 |b slo |c STUSCHK1 |e AACR2 | ||
| 080 | |a 541.121/.123 | ||
| 100 | 1 | |a Gmehling, J. | |
| 245 | 1 | |a Vapor-Liquid Equilibrium Data Collection |b Aliphatic Hydrocarbons C4-C30. Tables and diagrams of data for binary and multicomponent mixtures up to moderate pressures. Constants of correlation equations for computer use |n 6d (in conjuction with Part 6e) |c J. Gmehling, U Onken | |
| 260 | |a Frankfurt am Main |b DECHEMA |c 1999 | ||
| 300 | |a xii, 481 s. |b il. |c 24,5 cm | ||
| 490 | 0 | |a Chemistry Data Series, Vol.I, Part 6d (in conjuction with Part 6e) | |
| 650 | 0 | |a Aliphatic Hydrocarbons | |
| 700 | 1 | |a Onken, U | |
| 910 | |a SCHK95 | ||
| 919 | |a 3-89746-007-6 | ||
| 999 | |c 9310 |d 9310 | ||